| Tag |
First Indicator |
Second Indicator |
Subfields |
| LEADER |
00000cam a2200000 4500 |
| 001 |
in00000221548 |
| 005 |
20151009074156.0 |
| 008 |
710622r19681910nyu 00000 eng |
| 010 |
|
|
|a 68056677
|
| 035 |
|
|
|a (OCoLC)00145493
|
| 035 |
|
|
|9 AAZ1967AM
|
| 040 |
|
|
|a DLC
|c DLC
|d TXA
|d UtOrBLW
|
| 043 |
|
|
|a n-usu--
|a n-us---
|
| 049 |
|
|
|a TXAM
|c [1335429]
|
| 050 |
0 |
0 |
|a E185.6
|b .O27 1968
|
| 090 |
|
|
|a H31
|b .C7 no. 99
|
| 100 |
1 |
|
|a Odum, Howard Washington,
|d 1884-1954.
|
| 245 |
1 |
0 |
|a Social and mental traits of the Negro ;
|b research into the conditions of the Negro race in southern towns, a study in race traits, tendencies, and prospects.
|
| 250 |
|
|
|a [1st AMS ed.].
|
| 264 |
|
1 |
|a New York :
|b AMS Press,
|c [1968]
|
| 300 |
|
|
|a 302 pages ;
|c 23 cm.
|
| 336 |
|
|
|a text
|b txt
|2 rdacontent
|
| 337 |
|
|
|a unmediated
|b n
|2 rdamedia
|
| 338 |
|
|
|a volume
|b nc
|2 rdacarrier
|
| 490 |
1 |
|
|a Studies in history, economics, and public law, v. 37, no. 3, whole no. 99
|
| 500 |
|
|
|a Series also appears as Columbia University studies in the social sciences, 99.
|
| 500 |
|
|
|a Reprint of the 1910 edition.
|
| 500 |
|
|
|a Pages also numbered 309-606.
|
| 650 |
|
0 |
|a African Americans
|z Southern States.
|
| 650 |
|
0 |
|a African Americans
|x Social conditions
|y To 1964.
|
| 830 |
|
0 |
|a Studies in history, economics, and public law ;
|v no. 99.
|
| 999 |
|
|
|a MARS
|
| 999 |
f |
f |
|s 78e74b19-d468-393c-bb5f-d93e3aab9816
|i 2f1408a1-c871-3d44-8eda-6da36b625fc4
|t 0
|
| 952 |
f |
f |
|p normal
|a Texas A&M University
|b College Station
|c Sterling C. Evans Library
|d Evans: Library Stacks
|t 0
|e H31 .C7 no. 99
|h Library of Congress classification
|i unmediated -- volume
|m A14802502275
|
| 998 |
f |
f |
|a H31 .C7 no. 99
|t 0
|l Evans: Library Stacks
|